00450nam a22001337a 4500003000500000038001800005082000800023100001800031245010300049264003500152650003000187700004100217856005800258NUST aNusrat Nadeem a200 aNaqeeb, Azhan aDeep Learning-Driven Safer Streets: Efficient Estimation of Pedestrian Intentions/cAzhan Naqeeb,  aIslamabad:bSEECS NUST.c2025. aMS-Electrical Engineering aSupervisor: Dr. Muhammad Latif Anjum u http://10.250.8.41:8080/xmlui/handle/123456789/55540